A fool of God : the mystical verse of Baba Tahir

Αποθηκεύτηκε σε:
Λεπτομέρειες βιβλιογραφικής εγγραφής
Άλλοι συγγραφείς: Heron-Allen, Edward, 1861-1943 (Επιμελητής έκδοσης, Μεταφραστής)
Μορφή: Βιβλίο
Γλώσσα:English
Δημοσίευση: London : The Octagon press, c1979
Θέματα:
Ετικέτες: Προσθήκη ετικέτας
Δεν υπάρχουν, Καταχωρήστε ετικέτα πρώτοι!

MARC

LEADER 00000cam a2200000 i 4500
001 1/58126
008 020208s1979 eng d
020 |a 0-900-8607-07 
035 |l 10000276 
040 |a GR-MY-UA  |b gre  |e aacr 
041 0 |a eng 
082 0 |a 891.5 
245 1 2 |a A fool of God :  |b the mystical verse of Baba Tahir /  |c the persian text edited, annotated and translated by Edward Heron-Allen 
260 |a London :   |b The Octagon press,   |c c1979 
300 |a 72 σ.;  |c 23 εκ. 
650 0 0 |a Persian Poetry. 
650 0 0 |a Sufi poetry, Persian. 
700 1 |a Heron-Allen, Edward,   |d 1861-1943.  |4 edt  |4 trl 
852 |a INST  |b LESVOS  |e 20020208  |h 891.5 FOO  |p 005100028383  |q 005100028383  |t BK  |y 0 
901 |a BIBL1-2002-1 
909 |a Λ  |b 088362 
970 |a ΜΟΥΣΤΑΚΑ  |b ΠΗΝΕΛΟΠΗ  |z 2002/02/08